| 000 | 00319nam a2200109 4500 | ||
|---|---|---|---|
| 999 |
_c10660 _d10660 |
||
| 008 | 180913b ||||| |||| 00| 0 eng d | ||
| 245 | _aBill proposes 5-year term for Barangay, SK officials. | ||
| 260 |
_aPhilippines _bPhilippine Daily Inquirer _cc2017 |
||
| 300 | _apage A-9. | ||
| 650 | 0 |
_937116 _aLaw. |
|
| 942 |
_2ddc _cPER |
||